000 00441 a2200157 4500
999 _c320947
_d320947
001 85874
003 NUST
005 20180121155744.0
008 180121b xxu||||| |||| 00| 0 eng d
020 _a9781842772010
082 _a338.9009172 CHA
100 _aHa-Joon Chang ; Ilene Grabel
_99357
245 _aReclaiming development : an alternative economic policy manual
_hEnglish
250 _a1st
260 _aLondon
_bZed Books
_c1984
300 _a224 p.
500 _aGifted By AM Masood Akhtar
942 _acaenust
_cBK
_k338.9009172 CHA
_2ddc